000 00366nam a22001577a 4500
005 20230605203820.0
008 230605b |||||||| |||| 00| 0 eng d
020 _a9780070087644
082 _a621.3822
_bSRI-C
100 _aSrivastva:Manjita
245 _aControl System
300 _a393
650 _aEngineering
700 _aManjita Srivastava
999 _c18592
_d18592